[Event "NED-ch U20 Youth 2019"]
[Site "Assen"]
[Date "2019.05.02"]
[Round "5.6"]
[White "Ghebreab, Elnathan"]
[Black "Van Foreest, Machteld"]
[Result "1/2-1/2"]
[WhiteElo "1882"]
[BlackElo "2065"]
[Annotator "NA"]
[PlyCount "71"]
[EventDate "2019.04.28"]
[EventType "swiss"]
[EventCountry "NED"]
[SourceTitle "playchess.com"]
[Source "ChessBase"]
[SourceQuality "1"]
[TimeControl "40/5400+30:1800+30"]

1. e4 {[%emt 0:00:00]} e5 {[%emt 0:00:00]} 2. Nc3 {[%emt 0:00:00]} Nc6 {[%emt 0:00:00]} 3. Bc4 {[%emt 0:01:07]} Bc5 {[%emt 0:01:21]} 4. d3 {[%emt 0:09:02]} Na5 {[%emt 0:05:47]} 5. Nge2 {[%emt 0:12:30]} Nxc4 {[%emt 0:01:20]} 6. dxc4 {[%emt 0:00:07]} Nf6 {[%emt 0:00:43]} 7. Qd3 {[%emt 0:03:47]} Ng4 {[%emt 0:08:41]} 8. O-O {[%emt 0:05:03]} Qh4 $14 {[%emt 0:02:22]} 9. Qg3 {[%emt 0:00:17]} Qxg3 {[%emt 0:00:22]} 10. Nxg3 {[%emt 0:00:33]} O-O {[%emt 0:09:08]} 11. h3 {[%emt 0:09:01]} Nf6 {[%emt 0:03:37]} 12. Bg5 {[%emt 0:02:35]} Be7 {[%emt 0:01:47]} 13. Nf5 {[%emt 0:00:56]} Bd8 {[%emt 0:00:35]} 14. Bxf6 {[%emt 0:23:56]} Bxf6 {[%emt 0:00:24]} 15. Nd5 {[%emt 0:00:21]} Bd8 {[%emt 0:01:11]} 16. Nde7+ {[%emt 0:05:12]} Bxe7 {[%emt 0:00:19]} 17. Nxe7+ {[%emt 0:00:06]} Kh8 {[%emt 0:00:02]} 18. c5 {[%emt 0:07:32]} b6 {[%emt 0:02:11]} 19. Rfd1 {[%emt 0:01:15]} Rd8 {[%emt 0:01:59]} 20. c6 {[%emt 0:02:14]} d6 {[%emt 0:02:19]} 21. Nd5 {[%emt 0:00:33]} Be6 {[%emt 0:01:13]} 22. a4 {[%emt 0:07:38]} Bxd5 {[%emt 0:00:19]} 23. Rxd5 {[%emt 0:01:20]} a5 {[%emt 0:00:40]} 24. c3 {[%emt 0:00:19]} Kg8 {[%emt 0:03:51]} 25. b4 {[%emt 0:00:33]} Ra6 {[%emt 0:01:12]} 26. b5 {[%emt 0:01:28]} Raa8 {[%emt 0:01:17]} 27. g4 {[%emt 0:01:56]} Rf8 {[%emt 0:00:55]} 28. Kg2 {[%emt 0:00:19]} g6 {[%emt 0:00:23]} 29. Rf1 {[%emt 0:02:33]} f5 {[%emt 0:00:36]} 30. gxf5 {[%emt 0:01:29]} gxf5 {[%emt 0:00:02]} 31. f4 {[%emt 0:00:17]} exf4 {[%emt 0:03:47]} 32. Rxf5 {[%emt 0:01:03]} Rxf5 {[%emt 0:00:52]} 33. exf5 {[%emt 0:00:01]} Re8 {[%emt 0:00:45]} 34. Rxf4 {[%emt 0:00:09]} Re3 {[%emt 0:01:40]} 35. Rg4+ {[%emt 0:02:18]} Kf7 36. Rh4 {[%emt 0:00:00]} 1/2-1/2

[Event "NED-ch U20 Youth 2019"]
[Site "Assen"]
[Date "2019.05.02"]
[Round "5.7"]
[White "Van Doren, Bas"]
[Black "Achuthan, Dylan"]
[Result "0-1"]
[WhiteElo "1945"]
[BlackElo "1863"]
[Annotator "NA"]
[PlyCount "84"]
[EventDate "2019.04.28"]
[EventType "swiss"]
[EventCountry "NED"]
[SourceTitle "playchess.com"]
[Source "ChessBase"]
[SourceQuality "1"]
[TimeControl "40/5400+30:1800+30"]

1. e4 {[%emt 0:00:00]} c5 {[%emt 0:00:00]} 2. Nf3 {[%emt 0:00:00]} Nc6 {[%emt 0:00:00]} 3. d4 {[%emt 0:00:00]} cxd4 {[%emt 0:00:00]} 4. Nxd4 {[%emt 0:00:00]} e5 {[%emt 0:00:00]} 5. Nb5 {[%emt 0:00:00]} d6 {[%emt 0:00:00]} 6. N1c3 {[%emt 0:00:00]} a6 {[%emt 0:00:03]} 7. Na3 {[%emt 0:00:05]} b5 {[%emt 0:00:02]} 8. Nd5 {[%emt 0:00:07]} Nge7 {[%emt 0:00:04]} 9. c4 {[%emt 0:00:11]} Nd4 {[%emt 0:00:04]} 10. cxb5 {[%emt 0:00:08]} Nxd5 {[%emt 0:00:06]} 11. exd5 {[%emt 0:00:05]} g6 {[%emt 0:00:05]} 12. Be3 {[%emt 0:00:33]} Bg7 {[%emt 0:02:49]} 13. Bxd4 {[%emt 0:00:39]} exd4 {[%emt 0:00:02]} 14. Bd3 {[%emt 0:00:33]} O-O {[%emt 0:00:24]} 15. O-O {[%emt 0:00:12]} Bb7 {[%emt 0:04:36]} 16. Bc4 {[%emt 0:09:02]} Qg5 {[%emt 0:06:35]} 17. Qf3 {[%emt 0:10:44]} Rfc8 {[%emt 0:04:35]} 18. b3 $14 {[%emt 0:03:38]} Rc5 {[%emt 0:07:03]} 19. Rac1 {[%emt 0:23:56]} d3 {[%emt 0:26:49]} 20. bxa6 {[%emt 0:15:12]} Bxa6 {[%emt 0:21:58]} 21. b4 {[%emt 0:21:21]} d2 {[%emt 0:09:43]} 22. Rc2 {[%emt 0:02:26]} Bxc4 {[%emt 0:04:24]} 23. Nxc4 {[%emt 0:01:25]} Rc7 {[%emt 0:01:24]} 24. Rd1 {[%emt 0:02:01]} Rac8 {[%emt 0:02:37]} 25. Qd3 {[%emt 0:01:30]} Qg4 {[%emt 0:02:57]} 26. Ne3 {[%emt 0:03:24]} Qxd1+ {[%emt 0:00:16]} 27. Nxd1 {[%emt 0:00:02]} Rxc2 {[%emt 0:00:07]} 28. f4 {[%emt 0:03:01]} Rxa2 {[%emt 0:03:20]} 29. Kf2 {[%emt 0:01:04]} Rc1 {[%emt 0:02:03]} 30. Ke2 {[%emt 0:01:02]} Bc3 {[%emt 0:01:39]} 31. Qxc3 {[%emt 0:02:07]} Rxc3 {[%emt 0:00:01]} 32. Nxc3 {[%emt 0:00:02]} Rb2 {[%emt 0:00:01]} 33. b5 {[%emt 0:00:37]} Kg7 {[%emt 0:00:59]} 34. g4 {[%emt 0:00:33]} f5 {[%emt 0:01:39]} 35. gxf5 {[%emt 0:01:15]} gxf5 {[%emt 0:00:02]} 36. h3 {[%emt 0:00:27]} Kh6 {[%emt 0:00:12]} 37. b6 {[%emt 0:00:29]} Kh5 {[%emt 0:01:09]} 38. Nd1 {[%emt 0:00:26]} Rxb6 {[%emt 0:00:30]} 39. Ne3 {[%emt 0:00:20]} Kg6 {[%emt 0:00:33]} 40. Kxd2 {[%emt 0:00:39]} Rb4 {[%emt 0:00:10]} 41. Kc3 {[%emt 0:03:34]} Rxf4 {[%emt 0:01:34]} 42. Nc4 {[%emt 0:00:06]} Rxc4+ {[%emt 0:01:12]} 0-1

[Event "NED-ch U20 Youth 2019"]
[Site "Assen"]
[Date "2019.05.02"]
[Round "5.8"]
[White "Gijsen, William"]
[Black "Van Hoorn, Geert"]
[Result "0-1"]
[WhiteElo "2041"]
[BlackElo "1965"]
[Annotator "NA"]
[PlyCount "116"]
[EventDate "2019.04.28"]
[EventType "swiss"]
[EventCountry "NED"]
[SourceTitle "playchess.com"]
[Source "ChessBase"]
[SourceQuality "1"]
[TimeControl "40/5400+30:1800+30"]

1. e4 {[%emt 0:00:00]} c5 {[%emt 0:00:00]} 2. Nf3 {[%emt 0:00:00]} d6 {[%emt 0:00:00]} 3. Bb5+ {[%emt 0:00:00]} Bd7 {[%emt 0:00:00]} 4. Bxd7+ {[%emt 0:00:00]} Qxd7 {[%emt 0:00:00]} 5. O-O {[%emt 0:00:00]} e6 {[%emt 0:00:44]} 6. c3 {[%emt 0:00:53]} Nf6 {[%emt 0:00:43]} 7. Re1 {[%emt 0:00:06]} Nc6 {[%emt 0:00:29]} 8. d4 {[%emt 0:00:22]} cxd4 {[%emt 0:00:07]} 9. cxd4 {[%emt 0:00:02]} d5 {[%emt 0:00:05]} 10. e5 {[%emt 0:01:33]} Ne4 {[%emt 0:00:19]} 11. Be3 {[%emt 0:05:38] B52: Sicilian: Moscow Variation with 3...Bd7} (11. Nbd2 Nxd2 12. Bxd2 Be7 13. Rc1 O-O 14. Rc3 Rfc8 15. h4 Bd8 16. Rd3 Qc7 17. Ng5 h6 18. Nh3 Ne7 19. Bc3 b5 20. Nf4 Nf5 21. Qg4 Bxh4 22. Nh5 {½-½ (52) Nakamura,H (2769)-Grischuk,A (2766) Paris 2018}) 11... Be7 {[%emt 0:00:45]} 12. Nbd2 {[%emt 0:00:29]} Nxd2 {[%emt 0:00:24]} 13. Nxd2 {[%emt 0:00:02]} O-O {[%emt 0:00:24]} 14. f4 {[%emt 0:01:06]} Rac8 {[%emt 0:01:34]} 15. a3 $146 {[%emt 0:08:27]} ({Predecessor:} 15. Nf1 Rc7 16. a3 Na5 17. Bf2 Rfc8 18. Qd3 a6 {½-½ (30) Khamrakulov,D (2200)-Gopal,G (2269) Teheran 2004}) 15... Na5 {[%emt 0:04:41]} 16. Nf3 {[%emt 0:03:52]} Qb5 {[%emt 0:03:12]} 17. b4 {[%emt 0:01:35]} Nc4 {[%emt 0:01:05]} 18. Bc1 {[%emt 0:00:14]} a5 {[%emt 0:02:17]} 19. a4 {[%emt 0:01:26]} Qxb4 {[%emt 0:03:54]} 20. Rf1 $19 {[%emt 0:00:57]} (20. Qd3 $17) 20... Qb6 {[%emt 0:09:35]} 21. Qd3 {[%emt 0:00:30]} f6 {[%emt 0:07:39]} 22. Kh1 {[%emt 0:01:28]} fxe5 {[%emt 0:02:54]} 23. fxe5 {[%emt 0:04:55]} Qd8 {[%emt 0:08:15]} 24. Ra2 {[%emt 0:01:51]} Qe8 {[%emt 0:04:15]} 25. Raf2 {[%emt 0:03:15]} Qh5 {[%emt 0:01:58]} 26. h3 {[%emt 0:03:27]} Qf5 {[%emt 0:02:10]} 27. Qb3 {[%emt 0:00:25]} Bb4 {[%emt 0:07:38]} 28. Kh2 {[%emt 0:04:22]} Qg6 {[%emt 0:01:22]} 29. Qd1 {[%emt 0:07:55]} h6 {[%emt 0:03:47]} 30. Rg1 {[%emt 0:06:19]} Qe4 {[%emt 0:01:14]} 31. Re2 {[%emt 0:00:34]} Qg6 {[%emt 0:01:08]} 32. Rf2 {[%emt 0:00:15]} Qh5 {[%emt 0:01:16]} 33. Rgf1 {[%emt 0:03:13]} Rc7 {[%emt 0:01:33]} 34. Qd3 {[%emt 0:00:59]} Qf5 {[%emt 0:00:47]} 35. Qb3 {[%emt 0:01:46]} Qe4 {[%emt 0:03:00]} 36. Kh1 {[%emt 0:06:35]} Rcf7 {[%emt 0:00:53]} 37. Kh2 {[%emt 0:01:22]} Qg6 {[%emt 0:01:30]} 38. Qd1 {[%emt 0:01:19]} Bc3 {[%emt 0:01:45]} 39. Re2 {[%emt 0:05:50]} Qb1 {[%emt 0:02:00]} 40. Rg1 {[%emt 0:00:53]} Kh8 {[%emt 0:03:57]} 41. Rc2 {[%emt 0:30:23]} Rxf3 {[%emt 0:36:30]} 42. gxf3 {[%emt 0:00:52]} Bxd4 {[%emt 0:00:23]} 43. Qxd4 {[%emt 0:10:04]} Qxc2+ {[%emt 0:00:29]} 44. Kh1 {[%emt 0:00:02]} Qf5 {[%emt 0:03:18]} 45. Rg3 {[%emt 0:00:55]} Rf7 {[%emt 0:04:40]} 46. Qh4 {[%emt 0:06:47]} Kh7 {[%emt 0:02:55]} 47. Qd4 {[%emt 0:02:52]} b6 {[%emt 0:03:08]} 48. h4 {[%emt 0:00:48]} Kh8 {[%emt 0:02:34]} 49. Qg1 {[%emt 0:01:50]} Rd7 {[%emt 0:00:00]} 50. Bxh6 {[%emt 0:00:00]} gxh6 {[%emt 0:00:00]} 51. Rg8+ {[%emt 0:00:00]} Kh7 {[%emt 0:00:00]} 52. Qg3 {[%emt 0:00:00]} Rf7 {[%emt 0:00:00]} 53. Kg1 {[%emt 0:00:00]} d4 {[%emt 0:00:00]} 54. h5 {[%emt 0:00:00]} d3 {[%emt 0:00:00]} 55. Kh2 {[%emt 0:00:00]} Qxh5+ {[%emt 0:00:00]} 56. Kg1 {[%emt 0:00:00]} Qf5 {[%emt 0:00:00]} 57. f4 {[%emt 0:00:00]} d2 {[%emt 0:00:00]} 58. Kf2 {[%emt 0:00:00]} Qxf4+ {[%emt 0:00:00]} 0-1

[Event "NED-ch U20 Youth 2019"]
[Site "Assen"]
[Date "2019.05.02"]
[Round "5.9"]
[White "Van Aken, Jelmer"]
[Black "Van Randtwijk, Mick"]
[Result "0-1"]
[WhiteElo "1698"]
[BlackElo "2168"]
[Annotator "NA"]
[PlyCount "70"]
[EventDate "2019.04.28"]
[EventType "swiss"]
[EventCountry "NED"]
[SourceTitle "playchess.com"]
[Source "ChessBase"]
[SourceQuality "1"]
[TimeControl "40/5400+30:1800+30"]

1. e4 {[%emt 0:00:00]} c5 {[%emt 0:00:00]} 2. Nf3 {[%emt 0:00:00]} d6 {[%emt 0:00:00]} 3. d4 {[%emt 0:00:00]} cxd4 {[%emt 0:00:00]} 4. Nxd4 {[%emt 0:00:00]} Nf6 {[%emt 0:00:00]} 5. Nc3 {[%emt 0:00:00]} a6 {[%emt 0:00:06]} 6. Be3 {[%emt 0:00:00]} e5 {[%emt 0:00:17]} 7. Nb3 {[%emt 0:00:00]} Be6 {[%emt 0:00:11]} 8. f3 {[%emt 0:00:27]} h5 {[%emt 0:00:05]} 9. Qd2 {[%emt 0:00:34]} Nbd7 {[%emt 0:00:13]} 10. O-O-O {[%emt 0:01:02]} Be7 {[%emt 0:00:06]} 11. Nd5 {[%emt 0:03:00] B90: Sicilian Najdorf: Unusual White 6th moves, 6 Be3 Ng4 and 6 Be3 e5} Bxd5 {[%emt 0:00:07]} (11... Nxd5 12. exd5 Bf5 13. Bd3 Bxd3 14. Qxd3 Bg5 15. Kb1 Bxe3 16. Qxe3 Rc8 17. h4 Nf6 18. Qd3 Qc7 {1-0 (32) Aronian,L (2767)-Dominguez Perez,L (2739) Saint Louis 2018}) 12. exd5 {[%emt 0:00:04]} Nb6 {[%emt 0:00:11]} 13. Bxb6 {[%emt 0:02:59]} Qxb6 {[%emt 0:01:00]} 14. Kb1 {[%emt 0:01:13]} Nd7 $146 {[%emt 0:04:12]} ({Predecessor:} 14... O-O-O 15. Na5 Kb8 16. g3 Rc8 17. Nb3 Rc7 18. Bh3 Nd7 19. Bxd7 Rxd7 20. Rhe1 f5 21. Qe3 Qxe3 22. Rxe3 Bg5 23. Re2 {½-½ (23) Gasa,A (2220)-Horak,I (2105) Slovakia 2010}) 15. Na5 {[%emt 0:09:06]} Qc7 {[%emt 0:03:04]} 16. Be2 {[%emt 0:05:13]} Bd8 {[%emt 0:01:44]} 17. Nc4 {[%emt 0:02:55]} b5 {[%emt 0:02:40]} 18. Ne3 {[%emt 0:00:41]} Bg5 {[%emt 0:00:21]} 19. Rhe1 {[%emt 0:06:01]} Rc8 $11 {[%emt 0:08:34]} 20. Bd3 {[%emt 0:08:23]} Nb6 {[%emt 0:05:11]} 21. Bf5 {[%emt 0:07:00]} Rb8 {[%emt 0:09:10]} 22. Qe2 {[%emt 0:07:10]} g6 {[%emt 0:06:35]} 23. Be4 {[%emt 0:04:56]} O-O {[%emt 0:09:06]} 24. g4 {[%emt 0:03:52]} Nc4 {[%emt 0:04:50]} 25. Nxc4 {[%emt 0:05:44]} bxc4 {[%emt 0:00:34]} 26. gxh5 {[%emt 0:01:57]} c3 {[%emt 0:01:44]} 27. b3 {[%emt 0:01:07]} Qc5 {[%emt 0:04:03]} 28. Ka1 {[%emt 0:05:04]} Qa3 {[%emt 0:12:08]} 29. Rb1 {[%emt 0:00:06]} Rfc8 {[%emt 0:00:08]} 30. Bd3 {[%emt 0:04:11]} Rb4 {[%emt 0:05:40]} 31. Qf2 {[%emt 0:11:06]} Rc5 {[%emt 0:01:00]} 32. Qxc5 {[%emt 0:00:12]} dxc5 {[%emt 0:00:05]} 33. d6 {[%emt 0:02:20]} Rd4 {[%emt 0:01:49]} 34. d7 {[%emt 0:01:27]} Rxd7 {[%emt 0:00:16]} 35. Rg1 {[%emt 0:00:03]} Rxd3 {[%emt 0:01:45]} 0-1

[Event "NED-ch U20 Youth 2019"]
[Site "Assen"]
[Date "2019.05.02"]
[Round "5.10"]
[White "Emans, Job"]
[Black "Reichardt, Robin"]
[Result "1-0"]
[WhiteElo "1945"]
[BlackElo "2061"]
[Annotator "NA"]
[PlyCount "113"]
[EventDate "2019.04.28"]
[EventType "swiss"]
[EventCountry "NED"]
[SourceTitle "playchess.com"]
[Source "ChessBase"]
[SourceQuality "1"]
[TimeControl "40/5400+30:1800+30"]

1. d4 {[%emt 0:00:00]} d5 {[%emt 0:00:00]} 2. c4 {[%emt 0:00:00]} c6 {[%emt 0:00:00]} 3. Nc3 {[%emt 0:00:00]} e6 {[%emt 0:00:00]} 4. Nf3 {[%emt 0:00:00]} dxc4 {[%emt 0:00:07]} 5. a4 {[%emt 0:00:07]} Bb4 {[%emt 0:00:29]} 6. e3 {[%emt 0:00:15]} b5 {[%emt 0:00:33]} 7. Bd2 {[%emt 0:00:25]} a5 {[%emt 0:01:08]} 8. axb5 {[%emt 0:00:23]} Bxc3 {[%emt 0:00:08]} 9. Bxc3 {[%emt 0:00:06]} cxb5 {[%emt 0:00:13]} 10. b3 {[%emt 0:00:22]} Bb7 {[%emt 0:00:42]} 11. bxc4 {[%emt 0:00:45]} b4 {[%emt 0:00:18]} 12. Bb2 {[%emt 0:00:29]} Nf6 {[%emt 0:00:52]} 13. Bd3 {[%emt 0:00:53]} Nbd7 {[%emt 0:01:21]} 14. O-O {[%emt 0:01:42]} O-O {[%emt 0:01:19]} 15. Nd2 {[%emt 0:03:05]} Qc7 {[%emt 0:02:43]} 16. Qc2 {[%emt 0:04:12]} Rfb8 {[%emt 0:08:48]} 17. f3 $15 {[%emt 0:14:09]} e5 {[%emt 0:16:22]} 18. Ne4 {[%emt 0:14:26]} Nxe4 {[%emt 0:05:57]} 19. fxe4 {[%emt 0:00:19]} f6 {[%emt 0:13:24]} 20. c5 {[%emt 0:04:34]} Kh8 {[%emt 0:04:31]} 21. Rfc1 {[%emt 0:12:10]} Ba6 {[%emt 0:05:41]} 22. Bxa6 {[%emt 0:05:02]} Rxa6 {[%emt 0:00:06]} 23. c6 {[%emt 0:00:08]} Nf8 {[%emt 0:09:13]} 24. d5 {[%emt 0:02:11]} Ng6 {[%emt 0:08:55]} 25. Qc5 {[%emt 0:04:23]} Rd8 {[%emt 0:01:33]} 26. Ra4 {[%emt 0:00:47]} Ne7 {[%emt 0:02:50]} 27. Rca1 {[%emt 0:12:41]} Rda8 {[%emt 0:01:31]} 28. Rd1 {[%emt 0:00:23]} Rd8 {[%emt 0:02:58]} 29. Kf2 {[%emt 0:02:31]} Rxc6 {[%emt 0:03:14]} 30. dxc6 {[%emt 0:03:06]} Rxd1 {[%emt 0:00:10]} 31. Rxa5 {[%emt 0:01:01]} Rd8 {[%emt 0:08:23]} 32. Ra7 {[%emt 0:02:41]} Qxc6 {[%emt 0:01:09]} 33. Qxe7 {[%emt 0:00:18]} Rg8 {[%emt 0:00:26]} 34. Qxb4 {[%emt 0:01:08]} Qc2+ {[%emt 0:00:07]} 35. Kg3 {[%emt 0:01:31]} Qe2 {[%emt 0:00:26]} 36. Qc3 {[%emt 0:08:10]} h5 {[%emt 0:00:30]} 37. h3 {[%emt 0:00:45]} h4+ {[%emt 0:00:48]} 38. Kh2 {[%emt 0:00:06]} Qf2 {[%emt 0:00:31]} 39. Ra1 {[%emt 0:01:29]} Rd8 {[%emt 0:01:22]} 40. Ba3 {[%emt 0:01:53]} Rd2 {[%emt 0:00:35]} 41. Qc8+ {[%emt 0:30:11]} Kh7 {[%emt 0:00:45]} 42. Qf5+ {[%emt 0:00:00]} Qxf5 {[%emt 0:00:06]} 43. exf5 {[%emt 0:00:00]} Rf2 {[%emt 0:01:11]} 44. Bc5 {[%emt 0:00:00]} Rxf5 {[%emt 0:00:13]} 45. Ra7 {[%emt 0:00:00]} Kh6 {[%emt 0:01:11]} 46. Bf8 {[%emt 0:00:00]} Rg5 {[%emt 0:00:12]} 47. Kg1 {[%emt 0:00:00]} f5 {[%emt 0:00:31]} 48. Ra6+ {[%emt 0:00:00]} Kh5 {[%emt 0:01:12]} 49. Be7 {[%emt 0:00:00]} Rg3 {[%emt 0:00:13]} 50. Kf2 {[%emt 0:00:00]} f4 {[%emt 0:00:33]} 51. exf4 {[%emt 0:00:00]} exf4 {[%emt 0:00:04]} 52. Ra5+ {[%emt 0:00:00]} g5 {[%emt 0:00:19]} 53. Ra3 {[%emt 0:00:00]} Rxa3 {[%emt 0:02:05]} 54. Bxa3 {[%emt 0:00:00]} g4 {[%emt 0:00:10]} 55. Be7 {[%emt 0:00:00]} f3 {[%emt 0:00:42]} 56. hxg4+ {[%emt 0:00:00]} Kxg4 {[%emt 0:00:08]} 57. gxf3+ {[%emt 0:00:00]} 1-0

[Event "NED-ch U20 Youth 2019"]
[Site "Assen"]
[Date "2019.05.03"]
[Round "6.1"]
[White "Van Dael, Siem"]
[Black "Vrolijk, Liam"]
[Result "1/2-1/2"]
[WhiteElo "2206"]
[BlackElo "2465"]
[Annotator "TA"]
[PlyCount "30"]
[EventDate "2019.04.28"]
[EventType "swiss"]
[EventCountry "NED"]
[SourceTitle "playchess.com"]
[Source "ChessBase"]
[SourceQuality "1"]

{[%evp 11,20,6,16,6,26,12,14,6,27,6,4]} 1. e4 e5 2. Nf3 Nc6 3. Bc4 Bc5 4. d3 Nf6 5. Nc3 h6 6. a3 a6 7. Be3 {C50: Hungarian Defence and Giuoco Pianissimo} (7. b4 Ba7 8. h3 d6 9. Ne2 Be6 10. Bxe6 fxe6 11. Ng3 O-O 12. c3 Qe8 13. O-O Nh5 14. Nxh5 Qxh5 {½-½ (24) Svidler,P (2741)-Yu,Y (2750) Shenzhen 2017}) 7... Bxe3 8. fxe3 d6 9. O-O O-O 10. Qe1 Be6 {Predecessor:} 11. Nd2 $146 Ne7 12. b4 c6 13. Bb3 Qc7 14. h3 Rad8 15. Rc1 Qc8 {1-0 (53) Nadrowski,J (1641)-Der,J (1491) Dortmund 2012} 1/2-1/2

[Event "NED-ch U20 Youth 2019"]
[Site "Assen"]
[Date "2019.05.03"]
[Round "6.2"]
[White "Warmerdam, Max"]
[Black "Halfhide, Sebastian"]
[Result "1/2-1/2"]
[WhiteElo "2472"]
[BlackElo "2274"]
[Annotator "ChessBase"]
[PlyCount "65"]
[EventDate "2019.04.28"]
[EventType "swiss"]
[EventCountry "NED"]
[SourceTitle "playchess.com"]
[Source "ChessBase"]
[SourceQuality "1"]
[TimeControl "40/5400+30:1800+30"]

1. e4 {[%emt 0:00:00]} e5 {[%emt 0:00:37]} 2. Nf3 {[%emt 0:00:42]} Nc6 {[%emt 0:00:07]} 3. d4 {[%emt 0:00:17]} exd4 {[%emt 0:00:08]} 4. Nxd4 {[%emt 0:00:05]} Bc5 {[%emt 0:01:32]} 5. Nxc6 {[%emt 0:00:07]} bxc6 {[%emt 0:00:08]} 6. Bd3 {[%emt 0:00:04]} d6 {[%emt 0:01:53]} 7. O-O {[%emt 0:01:56]} Nf6 {[%emt 0:01:43]} 8. Nc3 {[%emt 0:00:58]} Ng4 {[%emt 0:02:06]} 9. h3 {[%emt 0:16:09]} Ne5 {[%emt 0:03:09]} 10. Na4 {[%emt 0:02:35]} Bb6 {[%emt 0:06:20]} 11. Be2 {[%emt 0:05:12]} O-O {[%emt 0:05:59]} 12. Nxb6 {[%emt 0:05:44]} axb6 {[%emt 0:00:11]} 13. f4 {[%emt 0:00:16]} Nd7 {[%emt 0:00:32]} 14. Bf3 {[%emt 0:06:33]} Bb7 {[%emt 0:09:01]} 15. Re1 {[%emt 0:06:12]} Re8 {[%emt 0:07:48]} 16. Be3 {[%emt 0:07:38]} c5 {[%emt 0:11:23]} 17. Qd3 {[%emt 0:03:39]} Ra4 {[%emt 0:03:10]} 18. c4 {[%emt 0:13:59]} Qa8 {[%emt 0:02:03]} 19. b3 {[%emt 0:01:18]} Rxa2 {[%emt 0:01:16]} 20. Rxa2 {[%emt 0:00:02]} Qxa2 {[%emt 0:00:09]} 21. Bd2 {[%emt 0:00:11]} Qa8 {[%emt 0:23:10]} 22. Bc3 {[%emt 0:00:23]} Bc6 {[%emt 0:00:16]} 23. Re3 {[%emt 0:02:32]} f6 {[%emt 0:03:23]} 24. h4 {[%emt 0:01:32]} Re7 {[%emt 0:04:21]} 25. h5 {[%emt 0:01:10]} h6 {[%emt 0:01:07]} 26. Qe2 {[%emt 0:03:48]} f5 {[%emt 0:04:25]} 27. exf5 {[%emt 0:15:28]} Bxf3 {[%emt 0:00:07]} 28. Qxf3 {[%emt 0:00:06]} Qxf3 {[%emt 0:00:11]} 29. Rxf3 {[%emt 0:00:03]} Nf6 {[%emt 0:00:51]} 30. Bxf6 {[%emt 0:00:09]} gxf6 {[%emt 0:00:04]} 31. Rg3+ {[%emt 0:00:16]} Rg7 {[%emt 0:00:47]} 32. Rg6 {[%emt 0:02:05]} Rxg6 {[%emt 0:00:05]} 33. hxg6 {[%emt 0:00:42]} 1/2-1/2

[Event "NED-ch U20 Youth 2019"]
[Site "Assen"]
[Date "2019.05.03"]
[Round "6.3"]
[White "De Boer, Eelke"]
[Black "Van Roon, Sjoerd"]
[Result "1-0"]
[WhiteElo "2338"]
[BlackElo "2115"]
[Annotator "NA"]
[PlyCount "119"]
[EventDate "2019.04.28"]
[EventType "swiss"]
[EventCountry "NED"]
[SourceTitle "playchess.com"]
[Source "ChessBase"]
[SourceQuality "1"]
[TimeControl "40/5400+30:1800+30"]

1. e4 {[%emt 0:00:00]} e5 {[%emt 0:00:00]} 2. Nf3 {[%emt 0:00:00]} Nc6 {[%emt 0:00:00]} 3. Bb5 {[%emt 0:00:00]} Nf6 {[%emt 0:00:00]} 4. d3 {[%emt 0:00:00]} Bc5 {[%emt 0:00:12]} 5. c3 {[%emt 0:00:00]} d5 {[%emt 0:00:17]} 6. exd5 $14 {[%emt 0:00:21] Pin} Qxd5 {[%emt 0:00:07]} 7. Bc4 {[%emt 0:00:06]} Qd6 {[%emt 0:00:04]} 8. Nbd2 {[%emt 0:00:33]} Bf5 {[%emt 0:00:16]} 9. Qc2 {[%emt 0:02:19]} O-O-O {[%emt 0:01:20]} 10. b4 {[%emt 0:10:58]} Bxb4 {[%emt 0:02:33]} 11. cxb4 {[%emt 0:00:16]} Nxb4 {[%emt 0:00:19]} 12. Qb3 {[%emt 0:08:36]} Bxd3 {[%emt 0:01:10]} 13. Ba3 {[%emt 0:01:36]} Bxc4 {[%emt 0:11:24]} 14. Qxb4 {[%emt 0:03:26]} Qxb4 {[%emt 0:00:37]} 15. Bxb4 {[%emt 0:00:07]} Ba6 {[%emt 0:00:37]} 16. Be7 {[%emt 0:21:44]} Rd5 {[%emt 0:04:31]} 17. Bxf6 {[%emt 0:12:27]} gxf6 {[%emt 0:00:05]} 18. O-O-O {[%emt 0:00:17]} Be2 {[%emt 0:06:44]} 19. Rde1 {[%emt 0:00:40]} Bd3 {[%emt 0:00:06]} 20. Re3 {[%emt 0:05:31]} Rhd8 {[%emt 0:12:49]} 21. g4 {[%emt 0:05:32]} c5 {[%emt 0:23:45]} 22. Kb2 {[%emt 0:03:21]} b5 {[%emt 0:02:41]} 23. h4 {[%emt 0:06:02]} Kb7 {[%emt 0:06:24]} 24. g5 {[%emt 0:00:37]} Bf5 {[%emt 0:02:50]} 25. Kc1 {[%emt 0:02:18]} fxg5 {[%emt 0:01:25]} 26. hxg5 {[%emt 0:00:07]} c4 {[%emt 0:00:44]} 27. Rxe5 {[%emt 0:03:44]} c3 {[%emt 0:01:16]} 28. Nb3 {[%emt 0:00:26]} Kb6 {[%emt 0:01:17]} 29. Rxd5 {[%emt 0:09:11]} Rxd5 {[%emt 0:00:03]} 30. Rd1 {[%emt 0:00:14]} Rxd1+ {[%emt 0:08:02]} 31. Kxd1 {[%emt 0:00:09]} a5 {[%emt 0:00:02]} 32. Nbd4 {[%emt 0:00:34]} Be4 {[%emt 0:00:22]} 33. Ne5 {[%emt 0:00:47]} Bd5 {[%emt 0:00:18]} 34. Nd7+ {[%emt 0:00:40]} Kc7 {[%emt 0:00:44]} 35. Nf6 {[%emt 0:00:17]} Bc4 {[%emt 0:00:44]} 36. Kc2 {[%emt 0:00:57]} b4 {[%emt 0:00:19]} 37. a3 {[%emt 0:01:19]} Kd6 {[%emt 0:01:40]} 38. f4 {[%emt 0:02:12]} Bd5 {[%emt 0:02:08]} 39. Nf5+ {[%emt 0:01:25]} Kc5 {[%emt 0:00:47]} 40. Nd7+ {[%emt 0:00:24]} Kb5 {[%emt 0:01:42]} 41. a4+ {[%emt 0:13:07]} Ka6 {[%emt 0:04:12]} 42. Nd6 {[%emt 0:00:42]} Ka7 {[%emt 0:03:09]} 43. Ne5 {[%emt 0:05:06]} Kb6 {[%emt 0:02:58]} 44. Ndc4+ {[%emt 0:02:26]} Kc5 {[%emt 0:03:06]} 45. Nxa5 {[%emt 0:00:09]} Be4+ {[%emt 0:00:43]} 46. Kb3 {[%emt 0:02:25]} Bd5+ {[%emt 0:01:43]} 47. Nac4 {[%emt 0:01:04]} Kd4 {[%emt 0:00:49]} 48. a5 {[%emt 0:00:30]} Ke4 {[%emt 0:01:44]} 49. a6 {[%emt 0:02:56]} Kxf4 {[%emt 0:00:08]} 50. Nd3+ {[%emt 0:00:11]} Kxg5 {[%emt 0:00:21]} 51. Nxb4 {[%emt 0:00:06]} Bh1 {[%emt 0:01:18]} 52. Nb6 {[%emt 0:00:22]} h5 {[%emt 0:01:28]} 53. N6d5 {[%emt 0:00:33]} c2 {[%emt 0:02:01]} 54. Kxc2 {[%emt 0:00:24]} h4 {[%emt 0:00:11]} 55. a7 {[%emt 0:00:05]} f5 {[%emt 0:01:13]} 56. a8=Q {[%emt 0:00:09]} Be4+ {[%emt 0:00:19]} 57. Kd2 {[%emt 0:00:07]} h3 {[%emt 0:00:09]} 58. Qg8+ {[%emt 0:00:35]} Kh4 {[%emt 0:00:09]} 59. Ne3 {[%emt 0:01:13]} f4 {[%emt 0:01:10]} 60. Qg4# {[%emt 0:08:37]} 1-0